| 000 | 00782nam a2200229 i 4500 | ||
|---|---|---|---|
| 001 | 66320 | ||
| 003 | ES-MaACL | ||
| 005 | 20250830222953.0 | ||
| 007 | t| | ||
| 008 | 040203s1952 sp ||||1| spa d | ||
| 100 | 1 |
_aGalindo Herrero, Santiago, _d1920-1977 _953440 |
|
| 245 | 1 | 3 |
_aEl 98 de los que fueron a la guerra / _cSantiago Galindo Herrero. |
| 260 |
_aMadrid : _bEditora Nacional, _c1952 ( _fEstades) |
||
| 300 |
_a140 p. ; _c22 cm. |
||
| 490 | 1 |
_aLibros de actualidad política ; _v2 |
|
| 650 | 4 |
_aGuerra hispano-americana, 1898 _913207 |
|
| 651 | 4 |
_aEspaña- _xHistoria- _y1898 _98272 |
|
| 651 | 4 |
_aEspaña- _xVida intelectual- _yS.XIX. _9138445 |
|
| 830 | 1 |
_aLibros de actualidad política ; _v2 _9182069 |
|
| 852 |
_aES-MaACL _jD-8487 |
||
| 999 |
_c66320 _d66320 |
||